LEADER 01172nam0-22003491i-450- 001 990003785460403321 005 20001010 010 $a88-07-10173-4 035 $a000378546 035 $aFED01000378546 035 $a(Aleph)000378546FED01 035 $a000378546 100 $a20001010d--------km-y0itay50------ba 101 0 $aita 105 $ay-------001yy 200 1 $aIntelligenze creative$efisiologia della creatività attraverso le vite di Freud, Einstein, Picasso, Stravinskij, Eliot,Gandhi e Martha Graham$fHoward Gardner$gtraduzione di Rodolfo Rini 205 $a1. ed. 210 $aMilano$cFeltrinelli$d1994 215 $a503 p.$cfig.$d22 cm 225 1 $aCampi del sapere 300 $aTrad. di Creating Minds. An anatomy of creativity seen through the lives of Freud, Einstein, Picasso, Stravinsky, Eliot, Graham and Gandhi. - 610 0 $aCREATIVITA' 676 $a153.35 700 1$aGardner,$bHoward$f<1943- >$066382 801 0$aIT$bUNINA$gRICA$2UNIMARC 901 $aBK 912 $a990003785460403321 952 $a153.35 GAR 1$b5456$fBFS 959 $aBFS 996 $aIntelligenze creative$9510104 997 $aUNINA DB $aING01 LEADER 01353nam--2200397---450- 001 990001135940203316 005 20090519151202.0 010 $a88-513-0086-0 035 $a000113594 035 $aUSA01000113594 035 $a(ALEPH)000113594USA01 035 $a000113594 100 $a20030321d2002----km-y0enga50------ba 101 0 $aita 102 $aIT 105 $ay|||z|||001yy 200 1 $a<> false comunicazioni sociali$ele nuove ipotesi di reato, introdotte dal D.Lgs. 11 aprile 2002, n.61$fSara Gennai, Alessandro Traversi 210 $aNapoli$cEsselibri-Simone$cSistemi editoriali$d2002 215 $a172 p.$d24 cm 225 2 $aProfessionisti, tecnici e imprese$vT100 410 0$12001$aProfessionisti, tecnici e imprese$vT100 606 0 $aReato di false comunicazioni sociali 676 $a345.450268 700 1$aGENNAI,$bSara$0267154 701 1$aTRAVERSI,$bAlessandro$0226139 801 0$aIT$bsalbc$gISBD 912 $a990001135940203316 951 $aXXVI.1.G 52 (IG XI 857)$b36544 G.$cXXVI.1.G 52 (IG XI)$d00097551 959 $aBK 969 $aGIU 979 $aMARIA$b10$c20030321$lUSA01$h1037 979 $aRENATO$b90$c20040203$lUSA01$h1222 979 $aPATRY$b90$c20040406$lUSA01$h1718 979 $aRSIAV1$b90$c20090519$lUSA01$h1512 996 $aFalse comunicazioni sociali$9980329 997 $aUNISA